[Event "12th Arad Open 2019"]
[Site "Arad"]
[Date "2019.07.29"]
[Round "7.34"]
[White "Starcevic, Ante Leon"]
[Black "Sandor, Tamas"]
[Result "1-0"]
[WhiteElo "2217"]
[BlackElo "1964"]
[Annotator "NA"]
[PlyCount "71"]
[EventDate "2019.07.24"]
[EventType "swiss"]
[EventCountry "ROU"]
[SourceTitle "playchess.com"]
[Source "ChessBase"]
[SourceQuality "1"]
[TimeControl "40/5400+30:900+30"]

1. c4 {[%emt 0:00:00]} c5 {[%emt 0:00:00]} 2. Nf3 {[%emt 0:00:00]} Nc6 {[%emt 0:00:00]} 3. d4 {[%emt 0:00:00]} cxd4 {[%emt 0:00:00]} 4. Nxd4 {[%emt 0:00:04]} e5 {[%emt 0:00:05]} 5. Nb5 {[%emt 0:00:59]} a6 {[%emt 0:00:08]} 6. Nd6+ {[%emt 0:02:13]} Bxd6 {[%emt 0:00:07]} 7. Qxd6 {[%emt 0:00:07]} Qf6 {[%emt 0:00:02]} 8. Qd3 {[%emt 0:06:17]} Nge7 {[%emt 0:20:57]} 9. Nc3 {[%emt 0:00:36]} O-O {[%emt 0:00:22]} 10. e4 {[%emt 0:17:55]} b5 {[%emt 0:07:05]} 11. c5 {[%emt 0:08:58]} b4 {[%emt 0:17:08]} 12. Na4 {[%emt 0:16:24]} a5 {[%emt 0:07:11]} 13. Nb6 {[%emt 0:10:56]} Ba6 {[%emt 0:07:22]} 14. Qd6 {[%emt 0:00:34]} Qh4 {[%emt 0:05:47]} 15. Nxa8 {[%emt 0:09:06]} Bxf1 {[%emt 0:08:24]} 16. Kxf1 {[%emt 0:00:35]} Qxe4 {[%emt 0:01:00]} 17. Be3 {[%emt 0:03:42]} Rxa8 {[%emt 0:01:36]} 18. Qd2 {[%emt 0:02:43]} f5 {[%emt 0:06:29]} 19. f3 {[%emt 0:00:27]} Qc4+ {[%emt 0:02:58]} 20. Kg1 {[%emt 0:00:09]} f4 {[%emt 0:01:02]} 21. Bf2 {[%emt 0:00:05]} Nf5 {[%emt 0:02:10]} 22. Qxd7 {[%emt 0:03:12]} Ncd4 {[%emt 0:01:58]} 23. Bxd4 {[%emt 0:02:08]} Nxd4 {[%emt 0:00:17]} 24. h4 {[%emt 0:01:07]} Qxc5 {[%emt 0:03:19]} 25. Kh2 {[%emt 0:00:03]} Nxf3+ {[%emt 0:05:43]} 26. Kh3 {[%emt 0:00:05]} Nxh4 {[%emt 0:01:18]} 27. Kxh4 {[%emt 0:06:06]} Qf2+ {[%emt 0:00:13]} 28. Kh5 {[%emt 0:00:07]} Qxg2 {[%emt 0:00:47]} 29. Rag1 {[%emt 0:00:11]} Qf3+ {[%emt 0:00:23]} 30. Qg4 {[%emt 0:00:49]} Qb7 {[%emt 0:00:35]} 31. Qe6+ {[%emt 0:01:14]} Kh8 {[%emt 0:00:29]} 32. Kg4 {[%emt 0:01:52]} Rf8 {[%emt 0:00:32]} 33. Rh2 {[%emt 0:00:28]} h6 {[%emt 0:00:28]} 34. Rgh1 {[%emt 0:00:22]} Rf6 {[%emt 0:00:34]} 35. Qxf6 {[%emt 0:00:23]} gxf6 {[%emt 0:00:28]} 36. Rxh6+ {[%emt 0:00:06]} 1-0

[Event "12th Arad Open 2019"]
[Site "Arad"]
[Date "2019.07.29"]
[Round "7.35"]
[White "Ursan, Petru-Sebastian"]
[Black "Magold, Victor"]
[Result "1/2-1/2"]
[WhiteElo "2212"]
[BlackElo "1962"]
[Annotator "NA"]
[PlyCount "88"]
[EventDate "2019.07.24"]
[EventType "swiss"]
[EventCountry "ROU"]
[SourceTitle "playchess.com"]
[Source "ChessBase"]
[SourceQuality "1"]
[TimeControl "40/5400+30:900+30"]

1. d4 {[%emt 0:00:04]} Nf6 {[%emt 0:00:00]} 2. Nf3 {[%emt 0:00:16]} e6 {[%emt 0:00:04]} 3. g3 {[%emt 0:00:22]} b6 {[%emt 0:00:29]} 4. Bg2 {[%emt 0:01:13]} Bb7 {[%emt 0:00:09]} 5. O-O {[%emt 0:01:29]} Be7 {[%emt 0:00:12]} 6. c4 {[%emt 0:00:20]} O-O {[%emt 0:00:57]} 7. Nc3 {[%emt 0:00:47]} d5 {[%emt 0:07:42]} 8. Ne5 {[%emt 0:10:22]} Nbd7 {[%emt 0:08:09]} 9. cxd5 {[%emt 0:09:57]} Nxe5 {[%emt 0:01:10]} 10. d6 {[%emt 0:06:20]} Bxg2 {[%emt 0:05:03]} 11. dxe7 {[%emt 0:00:49]} Qxe7 {[%emt 0:00:03]} 12. dxe5 {[%emt 0:05:03]} Bxf1 {[%emt 0:00:06]} 13. exf6 {[%emt 0:00:14]} Qxf6 {[%emt 0:00:04]} 14. Qxf1 {[%emt 0:00:19]} Rfd8 {[%emt 0:00:59]} 15. Be3 {[%emt 0:02:08]} c5 {[%emt 0:04:50]} 16. Qg2 {[%emt 0:03:16]} Qe7 {[%emt 0:00:15]} 17. a4 {[%emt 0:01:45]} Rab8 {[%emt 0:05:18]} 18. Qe4 {[%emt 0:03:23]} Rb7 {[%emt 0:07:16]} 19. h4 {[%emt 0:06:06]} h6 {[%emt 0:02:37]} 20. Rd1 {[%emt 0:04:39]} Rbd7 {[%emt 0:04:51]} 21. Rxd7 {[%emt 0:00:09]} Qxd7 {[%emt 0:00:15]} 22. Bf4 {[%emt 0:03:35]} f6 {[%emt 0:12:23]} 23. Qg6 {[%emt 0:10:38]} Qf7 {[%emt 0:01:51]} 24. Qxf7+ {[%emt 0:08:16]} Kxf7 {[%emt 0:00:06]} 25. e4 {[%emt 0:00:38]} g5 {[%emt 0:03:26]} 26. hxg5 {[%emt 0:00:24]} hxg5 {[%emt 0:00:03]} 27. Be3 {[%emt 0:00:14]} Kg6 {[%emt 0:01:42]} 28. Kf1 {[%emt 0:00:25]} Kh5 {[%emt 0:12:47]} 29. Ke2 {[%emt 0:01:08]} Kg4 {[%emt 0:01:34]} 30. Nb5 {[%emt 0:07:51]} Rd7 {[%emt 0:00:29]} 31. a5 {[%emt 0:04:01]} bxa5 {[%emt 0:01:18]} 32. Na3 {[%emt 0:00:28]} Rb7 {[%emt 0:00:52]} 33. Nc4 {[%emt 0:00:09]} Rb5 {[%emt 0:01:00]} 34. Kd3 {[%emt 0:00:44]} a4 {[%emt 0:01:13]} 35. Kc2 {[%emt 0:02:00]} Kf3 {[%emt 0:02:47]} 36. e5 {[%emt 0:02:16]} f5 {[%emt 0:00:30]} 37. Nd6 {[%emt 0:00:33]} Rb6 {[%emt 0:00:43]} 38. Nf7 {[%emt 0:01:19]} g4 {[%emt 0:00:53]} 39. Ng5+ {[%emt 0:02:43]} Ke2 {[%emt 0:00:18]} 40. Kc3 {[%emt 0:00:00]} Rb3+ {[%emt 0:00:00]} 41. Kc2 {[%emt 0:01:56]} Rb6 {[%emt 0:01:59]} 42. Kc3 {[%emt 0:01:04]} Rb3+ {[%emt 0:00:04]} 43. Kc2 {[%emt 0:00:44]} Rb6 {[%emt 0:00:04]} 44. Kc3 {[%emt 0:08:31]} Rb3+ {[%emt 0:00:03]} 1/2-1/2

[Event "12th Arad Open 2019"]
[Site "Arad"]
[Date "2019.07.29"]
[Round "7.36"]
[White "Ghimpu, Samuel-Timotei"]
[Black "Popa-Matei, Viorel-Ovidiu"]
[Result "1-0"]
[WhiteElo "2193"]
[BlackElo "1895"]
[Annotator "NA"]
[PlyCount "70"]
[EventDate "2019.07.24"]
[EventType "swiss"]
[EventCountry "ROU"]
[SourceTitle "playchess.com"]
[Source "ChessBase"]
[SourceQuality "1"]
[TimeControl "40/5400+30:900+30"]

1. e4 {[%emt 0:00:00]} e5 {[%emt 0:03:34]} 2. Nf3 {[%emt 0:00:00]} Nc6 {[%emt 0:00:05]} 3. Bc4 {[%emt 0:00:04]} Nf6 {[%emt 0:00:05]} 4. Ng5 {[%emt 0:00:12]} d5 {[%emt 0:00:15]} 5. exd5 {[%emt 0:00:09]} b5 {[%emt 0:00:05]} 6. Bf1 {[%emt 0:11:53]} Nd4 {[%emt 0:18:57]} 7. c3 {[%emt 0:01:47]} Nf5 {[%emt 0:31:21]} 8. Bxb5+ {[%emt 0:00:11]} Bd7 {[%emt 0:00:11]} 9. Qa4 {[%emt 0:01:25]} Bd6 {[%emt 0:08:52]} 10. Bxd7+ {[%emt 0:00:58]} Nxd7 {[%emt 0:00:06]} 11. Ne6 {[%emt 0:00:26]} fxe6 12. dxe6 O-O {[%emt 0:01:23]} 13. exd7 {[%emt 0:01:43]} e4 {[%emt 0:10:23]} 14. Qxe4 {[%emt 0:00:31]} Qxd7 {[%emt 0:00:07]} 15. O-O {[%emt 0:00:20]} Rae8 {[%emt 0:00:35]} 16. Qg4 {[%emt 0:00:56]} Qb5 {[%emt 0:15:31]} 17. b3 {[%emt 0:03:37]} Qe5 {[%emt 0:01:02]} 18. g3 {[%emt 0:01:26]} h5 {[%emt 0:03:53]} 19. Qxh5 {[%emt 0:01:59]} Qe4 {[%emt 0:00:18]} 20. Ba3 {[%emt 0:02:52]} Re6 {[%emt 0:01:38]} 21. Bxd6 {[%emt 0:00:53]} Rxd6 {[%emt 0:00:47]} 22. f4 {[%emt 0:12:10]} Rd3 {[%emt 0:00:13]} 23. Qh3 {[%emt 0:02:51]} Rfd8 {[%emt 0:01:06]} 24. Qg2 {[%emt 0:00:31]} Qe8 {[%emt 0:00:34]} 25. a4 {[%emt 0:06:36]} Qg6 {[%emt 0:00:30]} 26. Rf3 {[%emt 0:00:22]} Qg4 {[%emt 0:00:34]} 27. Rxd3 {[%emt 0:00:32]} Rxd3 {[%emt 0:00:03]} 28. Na3 {[%emt 0:02:12]} Nxg3 {[%emt 0:00:39]} 29. Re1 {[%emt 0:00:23]} Rf3 {[%emt 0:00:45]} 30. Nc4 {[%emt 0:01:34]} Qxf4 {[%emt 0:00:31]} 31. Ne5 {[%emt 0:00:07]} Rf1+ {[%emt 0:00:42]} 32. Rxf1 {[%emt 0:00:01]} Nxf1 {[%emt 0:00:02]} 33. Qd5+ {[%emt 0:01:08]} Kh7 {[%emt 0:00:18]} 34. Qd3+ {[%emt 0:00:03]} Kg8 {[%emt 0:00:05]} 35. Qc4+ {[%emt 0:00:01]} Kh8 1-0

[Event "12th Arad Open 2019"]
[Site "Arad"]
[Date "2019.07.29"]
[Round "7.37"]
[White "Kersten, Julian"]
[Black "Kelly, Ladislau-Endre"]
[Result "0-1"]
[WhiteElo "1951"]
[BlackElo "2182"]
[Annotator "NA"]
[PlyCount "56"]
[EventDate "2019.07.24"]
[EventType "swiss"]
[EventCountry "ROU"]
[SourceTitle "playchess.com"]
[Source "ChessBase"]
[SourceQuality "1"]
[TimeControl "40/5400+30:900+30"]

1. d4 {[%emt 0:00:00]} d6 {[%emt 0:00:00]} 2. e4 {[%emt 0:00:38]} Nf6 {[%emt 0:01:41]} 3. Nc3 {[%emt 0:00:08]} e5 {[%emt 0:00:03]} 4. Nge2 {[%emt 0:00:23]} Be7 {[%emt 0:01:52]} 5. g3 {[%emt 0:00:10]} O-O {[%emt 0:07:05]} 6. Bg2 {[%emt 0:00:07]} exd4 {[%emt 0:00:14]} 7. Nxd4 {[%emt 0:00:22]} Re8 {[%emt 0:00:05]} 8. O-O {[%emt 0:00:34]} Nbd7 {[%emt 0:00:14]} 9. h3 {[%emt 0:00:56]} Bf8 {[%emt 0:00:53]} 10. Re1 {[%emt 0:08:48]} c6 {[%emt 0:03:06]} 11. a4 {[%emt 0:06:35]} a5 {[%emt 0:00:10]} 12. b3 {[%emt 0:04:42]} Nc5 {[%emt 0:06:22]} 13. Bb2 {[%emt 0:04:50]} g6 {[%emt 0:01:52]} 14. Qd2 {[%emt 0:01:10]} Bd7 {[%emt 0:02:48]} 15. Rad1 {[%emt 0:01:44]} Bg7 {[%emt 0:05:35]} 16. Ba1 {[%emt 0:06:36]} Qb6 {[%emt 0:02:18]} 17. Kh2 {[%emt 0:16:27]} Re7 {[%emt 0:07:34]} 18. Qf4 {[%emt 0:07:51]} Qc7 {[%emt 0:01:26]} 19. Nf3 {[%emt 0:03:20]} Rae8 {[%emt 0:06:38]} 20. Nd2 {[%emt 0:26:55]} Nh5 {[%emt 0:06:08]} 21. Qe3 {[%emt 0:01:50]} b6 {[%emt 0:06:36]} 22. Bf3 {[%emt 0:02:47]} d5 {[%emt 0:02:11]} 23. Ne2 {[%emt 0:02:33]} Bxa1 {[%emt 0:01:00]} 24. Rxa1 {[%emt 0:00:16]} Nf6 {[%emt 0:00:10]} 25. Qg5 {[%emt 0:01:34]} Nfxe4 {[%emt 0:00:34]} 26. Bxe4 {[%emt 0:00:15]} Nxe4 {[%emt 0:00:07]} 27. Nxe4 {[%emt 0:00:21]} Rxe4 {[%emt 0:00:05]} 28. Qd2 {[%emt 0:01:26]} Qe5 {[%emt 0:00:05]} 0-1

[Event "12th Arad Open 2019"]
[Site "Arad"]
[Date "2019.07.29"]
[Round "7.39"]
[White "Stancu, Ovidiu-Grigore"]
[Black "Markovic, Franjo-Josip"]
[Result "0-1"]
[WhiteElo "1948"]
[BlackElo "2160"]
[Annotator "NA"]
[PlyCount "84"]
[EventDate "2019.07.24"]
[EventType "swiss"]
[EventCountry "ROU"]
[SourceTitle "playchess.com"]
[Source "ChessBase"]
[SourceQuality "1"]
[TimeControl "40/5400+30:900+30"]

1. d4 {[%emt 0:00:00]} Nf6 {[%emt 0:00:18]} 2. c4 {[%emt 0:00:00]} g6 {[%emt 0:00:12]} 3. Nc3 {[%emt 0:00:00]} d5 {[%emt 0:00:05]} 4. cxd5 {[%emt 0:00:52]} Nxd5 {[%emt 0:00:08]} 5. e4 {[%emt 0:00:02]} Nxc3 {[%emt 0:00:06]} 6. bxc3 {[%emt 0:00:03]} Bg7 {[%emt 0:00:05]} 7. Qa4+ {[%emt 0:00:59]} Nd7 {[%emt 0:00:39]} 8. Nf3 {[%emt 0:00:48]} O-O {[%emt 0:00:07]} 9. Qa3 {[%emt 0:00:36]} c5 {[%emt 0:02:23]} 10. Be3 {[%emt 0:01:39]} cxd4 {[%emt 0:00:49]} 11. cxd4 {[%emt 0:00:09]} Nb6 {[%emt 0:00:57]} 12. Rc1 {[%emt 0:00:53]} Bg4 {[%emt 0:01:11]} 13. Be2 {[%emt 0:03:55]} Bxf3 {[%emt 0:09:00]} 14. gxf3 {[%emt 0:00:04]} Bxd4 {[%emt 0:04:39]} 15. Bxd4 {[%emt 0:06:28]} Qxd4 {[%emt 0:00:07]} 16. Qxe7 {[%emt 0:07:26]} Qb2 {[%emt 0:05:29]} 17. Rd1 {[%emt 0:01:01]} Na4 {[%emt 0:04:17]} 18. Rd7 {[%emt 0:05:53]} Rac8 {[%emt 0:09:03]} 19. Bd1 {[%emt 0:03:53]} Qxa2 {[%emt 0:18:28]} 20. O-O {[%emt 0:02:16]} Nc5 {[%emt 0:01:33]} 21. Rd5 {[%emt 0:03:13]} Rfe8 {[%emt 0:10:21]} 22. Qg5 {[%emt 0:06:55]} b6 {[%emt 0:00:20]} 23. h4 {[%emt 0:00:53]} Kg7 {[%emt 0:03:18]} 24. h5 {[%emt 0:01:43]} h6 {[%emt 0:00:11]} 25. Qg4 {[%emt 0:03:19]} Rc6 {[%emt 0:01:41]} 26. Kh1 {[%emt 0:03:07]} a5 {[%emt 0:02:01]} 27. Rg1 {[%emt 0:02:27]} Qxf2 {[%emt 0:04:47]} 28. Rg2 {[%emt 0:00:39]} Qe1+ {[%emt 0:01:56]} 29. Rg1 {[%emt 0:01:10]} Qe3 {[%emt 0:00:16]} 30. Bc2 {[%emt 0:05:37]} Rf6 {[%emt 0:02:31]} 31. Rf5 {[%emt 0:02:49]} Rxf5 {[%emt 0:05:04]} 32. exf5 {[%emt 0:00:14]} g5 {[%emt 0:02:06]} 33. f6+ Kf8 {[%emt 0:02:20]} 34. f4 {[%emt 0:05:46]} Ne4 {[%emt 0:01:22]} 35. Bxe4 {[%emt 0:11:44]} Qxe4+ {[%emt 0:00:17]} 36. Kh2 {[%emt 0:01:31]} Qxf4+ {[%emt 0:00:37]} 37. Qxf4 {[%emt 0:00:34]} gxf4 {[%emt 0:00:05]} 38. Rf1 {[%emt 0:00:08]} Re6 {[%emt 0:02:28]} 39. Rxf4 {[%emt 0:00:04]} b5 {[%emt 0:00:23]} 40. Kg3 {[%emt 0:00:00]} a4 {[%emt 0:00:00]} 41. Kg4 {[%emt 0:00:53]} a3 {[%emt 0:01:12]} 42. Kf5 {[%emt 0:01:43]} a2 {[%emt 0:00:35]} 0-1

[Event "12th Arad Open 2019"]
[Site "Arad"]
[Date "2019.07.29"]
[Round "7.40"]
[White "Pislariu, Stefanel-Vasilica"]
[Black "Mozes, Ervin"]
[Result "1/2-1/2"]
[WhiteElo "1934"]
[BlackElo "2121"]
[Annotator "NA"]
[PlyCount "42"]
[EventDate "2019.07.24"]
[EventType "swiss"]
[EventCountry "ROU"]
[SourceTitle "playchess.com"]
[Source "ChessBase"]
[SourceQuality "1"]
[TimeControl "40/5400+30:900+30"]

1. d4 {[%emt 0:00:00]} f5 {[%emt 0:00:00]} 2. c4 {[%emt 0:00:22]} d6 {[%emt 0:00:00]} 3. Nf3 {[%emt 0:00:39]} Nf6 {[%emt 0:00:40]} 4. Nc3 {[%emt 0:00:12]} g6 {[%emt 0:01:02]} 5. e3 {[%emt 0:00:30]} Bg7 {[%emt 0:02:11]} 6. b4 {[%emt 0:00:30]} c6 {[%emt 0:02:28]} 7. Bb2 {[%emt 0:05:16]} Qc7 {[%emt 0:07:52]} 8. d5 {[%emt 0:08:22]} Nbd7 {[%emt 0:08:29]} 9. Qb3 {[%emt 0:03:27]} Nf8 {[%emt 0:19:39]} 10. Be2 {[%emt 0:04:47]} e5 {[%emt 0:02:53]} 11. dxe6 {[%emt 0:03:17]} Bxe6 {[%emt 0:04:44]} 12. Nd4 {[%emt 0:04:16]} Bf7 {[%emt 0:04:28]} 13. Rd1 {[%emt 0:07:51]} Rd8 {[%emt 0:05:19]} 14. Qa4 {[%emt 0:06:34]} Qb6 {[%emt 0:07:12]} 15. b5 {[%emt 0:17:39]} c5 {[%emt 0:08:45]} 16. Nf3 {[%emt 0:01:25]} h6 {[%emt 0:02:43]} 17. Nd5 {[%emt 0:04:20]} Bxd5 {[%emt 0:01:41]} 18. Bc3 {[%emt 0:02:14]} Qc7 {[%emt 0:02:04]} 19. cxd5 {[%emt 0:03:41]} b6 {[%emt 0:00:14]} 20. O-O {[%emt 0:00:31]} Kf7 {[%emt 0:02:31]} 21. Bc4 N8d7 1/2-1/2

[Event "12th Arad Open 2019"]
[Site "Arad"]
[Date "2019.07.30"]
[Round "8.1"]
[White "Gorodetzky, David"]
[Black "David, Alexandru-Vasile"]
[Result "1/2-1/2"]
[WhiteElo "2461"]
[BlackElo "2428"]
[Annotator "ChessBase"]
[PlyCount "79"]
[EventDate "2019.07.24"]
[EventType "swiss"]
[EventCountry "ROU"]
[SourceTitle "playchess.com"]
[Source "ChessBase"]
[SourceQuality "1"]
[TimeControl "40/5400+30:900+30"]

1. c4 Nf6 {[%emt 0:03:35]} 2. Nc3 {[%emt 0:00:58]} g6 {[%emt 0:00:26]} 3. d4 {[%emt 0:00:23]} d5 {[%emt 0:00:07]} 4. cxd5 {[%emt 0:00:11]} Nxd5 {[%emt 0:00:05]} 5. e4 {[%emt 0:00:07]} Nxc3 {[%emt 0:00:05]} 6. bxc3 {[%emt 0:00:05]} Bg7 {[%emt 0:00:04]} 7. Nf3 {[%emt 0:00:10]} c5 {[%emt 0:00:07]} 8. Rb1 {[%emt 0:00:47]} O-O {[%emt 0:00:05]} 9. Be2 {[%emt 0:00:14]} cxd4 {[%emt 0:00:05]} 10. cxd4 {[%emt 0:00:06]} Qa5+ {[%emt 0:00:05]} 11. Bd2 {[%emt 0:01:45]} Qxa2 {[%emt 0:00:05]} 12. O-O {[%emt 0:00:09]} b6 {[%emt 0:00:04]} 13. Qc1 {[%emt 0:00:09]} Bb7 {[%emt 0:00:08]} 14. Bc4 {[%emt 0:11:17]} Qa4 {[%emt 0:00:06]} 15. Bb5 {[%emt 0:02:10]} Qa2 {[%emt 0:00:05]} 16. Bc4 {[%emt 0:02:25]} Qa4 {[%emt 0:00:06]} 17. Bb5 {[%emt 0:00:06]} Qa2 {[%emt 0:00:04]} 18. Re1 {[%emt 0:00:05]} Rc8 {[%emt 0:05:36]} 19. Qd1 {[%emt 0:00:02]} Nc6 {[%emt 0:12:30]} 20. Re2 {[%emt 0:13:39]} a6 {[%emt 0:14:02]} 21. Ba4 {[%emt 0:02:03]} b5 {[%emt 0:04:34]} 22. Ra1 {[%emt 0:06:55]} Qe6 {[%emt 0:13:31]} 23. d5 {[%emt 0:00:04]} Qd6 {[%emt 0:10:53]} 24. dxc6 {[%emt 0:00:16]} Bxc6 {[%emt 0:00:03]} 25. Bb3 {[%emt 0:04:22]} e6 {[%emt 0:04:02]} 26. h3 {[%emt 0:05:07]} b4 {[%emt 0:01:47]} 27. e5 {[%emt 0:05:05]} Qb8 {[%emt 0:01:52]} 28. Nd4 {[%emt 0:12:43]} Bd7 {[%emt 0:00:05]} 29. f4 {[%emt 0:03:41]} a5 {[%emt 0:01:22]} 30. Ba4 {[%emt 0:03:30]} Bxa4 {[%emt 0:01:03]} 31. Qxa4 {[%emt 0:00:03]} Bf8 {[%emt 0:00:06]} 32. Nb3 {[%emt 0:01:59]} Rc2 {[%emt 0:01:19]} 33. Rf2 {[%emt 0:08:21]} Qb6 {[%emt 0:02:26]} 34. Kf1 {[%emt 0:07:56]} Qa6+ {[%emt 0:02:22]} 35. Kg1 {[%emt 0:01:17]} Qb6 {[%emt 0:00:14]} 36. Re1 {[%emt 0:01:11]} Qc6 {[%emt 0:02:26]} 37. Qxc6 {[%emt 0:02:50]} Rxc6 {[%emt 0:00:02]} 38. Ra1 {[%emt 0:00:01]} a4 {[%emt 0:00:21]} 39. Rf3 {[%emt 0:01:40]} Rca6 40. Nd4 1/2-1/2

[Event "12th Arad Open 2019"]
[Site "Arad"]
[Date "2019.07.30"]
[Round "8.2"]
[White "Jianu, Vlad-Cristian"]
[Black "Mastrovasilis, Dimitrios"]
[Result "1/2-1/2"]
[WhiteElo "2523"]
[BlackElo "2589"]
[Annotator "RC"]
[PlyCount "36"]
[EventDate "2019.07.24"]
[EventType "swiss"]
[EventCountry "ROU"]
[SourceTitle "playchess.com"]
[Source "ChessBase"]
[SourceQuality "1"]
[TimeControl "40/5400+30:900+30"]

1. d4 {[%emt 0:00:00]} d5 {[%emt 0:00:00]} 2. c4 {[%emt 0:00:00]} e6 {[%emt 0:00:00]} 3. Nc3 {[%emt 0:00:00]} c6 {[%emt 0:00:09]} 4. e4 {[%emt 0:00:00]} dxe4 {[%emt 0:00:19]} 5. Nxe4 {[%emt 0:00:01]} Bb4+ {[%emt 0:00:10]} 6. Bd2 {[%emt 0:00:15]} Qxd4 {[%emt 0:00:12]} 7. Bxb4 {[%emt 0:00:07]} Qxe4+ {[%emt 0:00:10]} 8. Be2 {[%emt 0:00:05]} Na6 {[%emt 0:00:27]} 9. Bd6 {[%emt 0:01:09]} Qxg2 {[%emt 0:01:19]} 10. Qd2 {[%emt 0:00:55]} Nf6 {[%emt 0:00:19]} 11. Bf3 {[%emt 0:00:30]} Qg6 {[%emt 0:00:10]} 12. Ne2 {[%emt 0:00:10]} e5 {[%emt 0:00:21]} 13. Bxe5 {[%emt 0:00:41]} Be6 {[%emt 0:01:29]} 14. O-O-O {[%emt 0:01:03]} Qf5 {[%emt 0:00:28]} 15. Bf4 {[%emt 0:01:02]} Bxc4 {[%emt 0:01:40]} 16. Nd4 {[%emt 0:01:46]} Qc5 {[%emt 0:00:29]} 17. Rhe1+ {[%emt 0:00:32]} Be6+ {[%emt 0:00:12]} 18. Nc2 {[%emt 0:00:12]} O-O {[%emt 0:03:49]} 1/2-1/2

[Event "12th Arad Open 2019"]
[Site "Arad"]
[Date "2019.07.30"]
[Round "8.3"]
[White "Istratescu, Andrei"]
[Black "Talu, Mircea"]
[Result "1/2-1/2"]
[WhiteElo "2555"]
[BlackElo "2278"]
[Annotator "TA"]
[PlyCount "189"]
[EventDate "2019.07.24"]
[EventType "swiss"]
[EventCountry "ROU"]
[SourceTitle "playchess.com"]
[Source "ChessBase"]
[SourceQuality "1"]

{[%evp 17,189,0,0,0,7,10,0,7,5,0,8,0,13,6,6,0,0,-8,0,-12,2,-36,-33,-14,-22,-19,-16,-29,-24,-30,-25,-17,-5,-35,-12,-29,0,-20,-11,-18,0,-16,-12,-16,0,0,3,0,22,0,22,20,38,36,40,33,40,35,27,22,35,25,41,39,77,0,0,0,0,0,56,56,54,54,78,72,91,78,72,72,72,72,72,72,78,78,78,78,78,78,347,78,78,78,78,78,78,78,168,78,78,78,78,78,78,78,78,78,78,78,78,78,78,78,78,78,226,226,226,226,226,226,226,225,225,225,225,225,218,218,211,196,196,196,167,102,102,0,0,0,0,0,0,0,0,0,0,0,0,0,0,0,0,0,0,0,0,0,0,0,0,0,0,0,0,0,0,0,0,0,0,0,0,0]} 1. d4 Nf6 2. c4 e6 3. g3 Bb4+ 4. Bd2 a5 5. Bg2 O-O 6. Nf3 b6 7. Nc3 Bb7 8. Qc2 d6 9. O-O Nbd7 10. Rfd1 {E16: Queen's Indian: 4 g3 Bb7 5 Bg2 Bb4+} Bxc3 11. Bxc3 Be4 12. Qc1 Qe7 13. b3 a4 {[#]} 14. b4 $146 ({Predecessor:} 14. Bf1 Rfb8 15. Nd2 Bg6 {½-½ (37) Bacrot,E (2711)-Naiditsch,A (2706) Baden-Baden 2015}) 14... c6 15. Bf1 b5 16. Nd2 Bg6 17. Re1 d5 18. c5 Ne4 19. Nxe4 dxe4 20. Bd2 e5 21. Bc3 f6 22. Bg2 exd4 23. Bxd4 Bf7 24. f4 a3 25. Qc2 Bd5 26. Red1 Rfe8 27. h3 Nf8 28. Bc3 Ne6 29. e3 Nc7 30. Rd4 Ne6 31. Rd2 Nc7 32. Rad1 Ra4 33. Bf1 Qf7 34. g4 Re7 35. f5 Rd7 36. Rg2 Ra8 37. Rd4 Rad8 38. Rgd2 Qe7 39. Bg2 Kf8 40. Qc1 (40. Bxe4 Bxe4 41. Rxe4 Rxd2 $17) 40... Bc4 41. Rxd7 ({But not} 41. Qxa3 Rxd4 42. Bxd4 (42. Rxd4 Ra8 $11) 42... Nd5 $11) (41. Rxe4 $16 Qf7 42. Rxd7 Rxd7 43. Rd4 (43. Qxa3 Bd5 $16)) 41... Rxd7 $11 42. Rxd7 Qxd7 43. Bd4 Bxa2 (43... Nd5 $11) 44. Qxa3 $14 (44. Bxe4 Bd5 $17) 44... Bd5 45. Qa7 Ke7 46. Qb8 Qd8 47. Qxd8+ Kxd8 $16 {[%mdl 4096] Endgame KBB-KBN} 48. Bc3 Ke7 49. Kf2 g6 50. Kg3 gxf5 51. gxf5 Ne8 52. Kf4 Ng7 53. Be1 ({Of course not} 53. Bxe4 Nh5+ 54. Kf3 Bxe4+ 55. Kxe4 Ng3+ 56. Kd4 Nxf5+ 57. Ke4 Ke6 $11) 53... Nh5+ 54. Kg4 Ng7 55. Bg3 Kf7 56. Bd6 Ke8 57. h4 Kf7 (57... h6 $16) 58. Bb8 (58. Bc7 $1 $18) 58... h6 59. Bg3 Ke7 60. h5 Kf7 61. Bh2 Kg8 62. Bd6 Kf7 63. Bb8 ({Reject} 63. Bf4 Nxf5 64. Kxf5 Be6+ 65. Kxe4 Bd5+ 66. Kd4 Bxg2 $11) 63... Kg8 64. Bc7 Kf7 65. Bg3 Kg8 66. Bf4 Kh7 {[#]} (66... Ne8 $16) 67. Bh1 $1 $18 Ne8 68. Bd6 Kg8 {[#]} 69. Kf4 $1 Ng7 70. Bxe4 Nxh5+ 71. Kf3 $1 Bxe4+ 72. Kxe4 {KB-KN} Ng7 73. Kf4 Ne8 74. Bb8 Kf7 75. e4 Kg7 76. Kg4 (76. Bd6 $18) 76... Kh7 77. e5 (77. Bg3 $16) 77... fxe5 $11 {The position is equal.} 78. Bxe5 {Threatens to win with Kf4.} Kg8 79. Kh5 Kf7 80. Kxh6 Nf6 81. Bxf6 Kxf6 82. Kh7 {aiming for Kg8.} Kxf5 {KPP-KPP} 83. Kg7 {White wants to mate with Kf7.} Ke6 84. Kf8 {Black must now prevent Ke8.} Kd5 85. Ke7 {Threatening mate with Kd7.} Kc4 $1 86. Kd6 Kxb4 87. Kxc6 {KP-KP} Ka4 $1 88. Kd5 b4 $1 89. c6 {c7 would kill now.} b3 90. c7 b2 91. c8=Q {White threatens Kc4 and mate.} b1=Q 92. Qa8+ Kb3 {( -> ...Qh1+)} 93. Qb7+ Kc2 94. Qxb1+ Kxb1 95. Ke4 {Accuracy: White = 67%, Black = 59%.} 1/2-1/2

[Event "12th Arad Open 2019"]
[Site "Arad"]
[Date "2019.07.30"]
[Round "8.4"]
[White "Ciorgovean, Iustin"]
[Black "Costachi, Mihnea"]
[Result "1/2-1/2"]
[WhiteElo "2330"]
[BlackElo "2471"]
[Annotator "ChessBase"]
[PlyCount "27"]
[EventDate "2019.07.24"]
[EventType "swiss"]
[EventCountry "ROU"]
[SourceTitle "playchess.com"]
[Source "ChessBase"]
[SourceQuality "1"]
[TimeControl "40/5400+30:900+30"]

1. d4 {[%emt 0:01:15]} Nf6 {[%emt 0:02:13]} 2. c4 {[%emt 0:00:11]} c6 {[%emt 0:00:04]} 3. Nf3 {[%emt 0:00:26]} d5 {[%emt 0:00:04]} 4. Nc3 {[%emt 0:00:43]} a6 {[%emt 0:00:06]} 5. c5 {[%emt 0:00:07]} g6 {[%emt 0:07:50]} 6. Bf4 {[%emt 0:02:05]} Bg7 {[%emt 0:01:17]} 7. h3 {[%emt 0:00:33]} O-O {[%emt 0:01:02]} 8. e3 {[%emt 0:00:40]} b6 {[%emt 0:22:11]} 9. b4 {[%emt 0:13:59]} Nbd7 {[%emt 0:04:50]} 10. Rc1 {[%emt 0:22:06]} bxc5 {[%emt 0:12:22]} 11. bxc5 {[%emt 0:01:05]} Ne4 {[%emt 0:00:58]} 12. Nxe4 {[%emt 0:08:29]} dxe4 {[%emt 0:00:32]} 13. Nd2 {[%emt 0:03:13]} Qa5 {[%emt 0:03:04]} 14. Be2 {[%emt 0:07:16]} 1/2-1/2